000 01129namaa2200289 i 4500
003 EG-GICUC
005 20251123134413.0
008 251123s1996 sy |||jr|||| 000 0 ara d
040 _aEG-GiCUC
_bara
_cEG-GiCUC
_dEG-GiCUC
_erda
082 0 4 _221
_a305.4200956
_bA964
092 0 4 _221
_a305.4200956
_bA964
099 _a305.4200956 A964
100 1 _aالعودات، حسين
_eمؤلف.
245 1 2 _aالمرأة العربية فى الدين والمجتمع :
_b(عرض تاريخى) /
_cحسين العودات.
250 _aالطبعة الاولى
264 _aدمشق :
_bالأهالى للطباعة والنشر والتوزيع،
_c1996.
300 _a192 صفحة ؛
_c20 سم
336 _2rdacontent
_atext
337 _2rdamedia
_aUnmediated
338 _2rdacarrier
_avolume
504 _aيشتمل على ارجاعات ببليوجرافية.
541 _aد. جابر عصفور ؛
_bالقاهرة ؛
_cإهداء ؛
_d2024.
650 1 7 _aالمرأة العربية
_xاحوال اجتماعية
_zالعالم العربى
_2qrmak
651 1 _2qrmak
905 _aAya
942 _2ddc
_cBK
_e21
_n0
999 _c176130
_d176130